ბათუმის შოთა რუსთაველის სახელმწიფო უნივერსიტეტის ბიბლიოთეკა

პესიმისტის ჩანაწერები (ბიბ.ჩანაწერი № 48826)

000 -LEADER
fixed length control field 00760nam a2200217Ia 4500
001 - CONTROL NUMBER
control field 15728
003 - CONTROL NUMBER IDENTIFIER
control field GE_BSU
008 - FIXED-LENGTH DATA ELEMENTS--GENERAL INFORMATION
fixed length control field 181216s||||||||xx |||||||||||||| ||und||
020 ## - INTERNATIONAL STANDARD BOOK NUMBER
International Standard Book Number 966-522-091-8
040 ## - CATALOGING SOURCE
Transcribing agency GE_BSU
080 ## - UNIVERSAL DECIMAL CLASSIFICATION NUMBER
Universal Decimal Classification number 821.353.1-94
100 ## - MAIN ENTRY--PERSONAL NAME
Personal name ჩილაჩავა, რაულ
245 ## - TITLE STATEMENT
Title პესიმისტის ჩანაწერები
245 ## - TITLE STATEMENT
Statement of responsibility, etc. მხატვრ. გაფორმება ჟანეტა პრისიაჟნის
260 ## - PUBLICATION, DISTRIBUTION, ETC.
Place of publication, distribution, etc. კიევი
260 ## - PUBLICATION, DISTRIBUTION, ETC.
Name of publisher, distributor, etc. უკრაინის ეროვნ. უმცირ. ლიტ. მთ. სპეც. რედაქცია
260 ## - PUBLICATION, DISTRIBUTION, ETC.
Date of publication, distribution, etc. 1999
300 ## - PHYSICAL DESCRIPTION
Extent 168 გვ. : პორტრ. ; 20 სმ
942 ## - ADDED ENTRY ELEMENTS (KOHA)
Koha item type წიგნი
ეგზემპლარები
Withdrawn status Lost status Damaged status Not for loan Date acquired Barcode Date last seen Price effective from Koha item type
        2018-12-17 38454 2018-12-17 2018-12-17 წიგნი
        2018-12-17 38455 2018-12-17 2018-12-17 წიგნი
        2018-12-17 38456 2018-12-17 2018-12-17 წიგნი
        2018-12-17 38666 2018-12-17 2018-12-17 წიგნი
        2018-12-17 38667 2018-12-17 2018-12-17 წიგნი